| 000 | 01312nam a2200349 i 4500 | ||
|---|---|---|---|
| 001 | 14287 | ||
| 003 | KOSZ 005 | ||
| 005 | 20200426155114.0 | ||
| 008 | 071129s1971pl a a f f 001 0 pol | ||
| 015 | _aPB 1971/6441 | ||
| 040 |
_aWA N _cWA N _dKOSZ 005/EC _dKOSZ 005/RW |
||
| 046 | _k1971 | ||
| 080 | _a624.2/.8(084.1) | ||
| 080 | _a725(084.1) | ||
| 100 | 1 |
_aWasiutyński, Zbigniew _d(1902-1974) _eAutor |
|
| 245 | 1 | 0 |
_aO architekturze mostów / _cZbigniew Wasiutyński ; [przedmowa W. Tatarkiewicz] ; Polska Akademia Nauk. Wydział IV Nauk Technicznych. |
| 260 |
_aWarszawa : _bPaństwowe Wydawnictwo Naukowe, _c1971. |
||
| 300 |
_a649, [2] stron : _bilustracje, errata ; _c27 cm. |
||
| 336 |
_aTekst _btxt _2rdacontent |
||
| 337 |
_aBez urządzenia pośredniczącego _bn _2rdamedia |
||
| 338 |
_aWolumin _bnc _2rdacarrier |
||
| 380 | _aKsiążki. | ||
| 388 | _a1901-2000 | ||
| 388 | _a1945-1989 | ||
| 504 | _aBibliografia na stronach 595-[602]. Indeks. | ||
| 658 | _aArchitektura i budownictwo | ||
| 650 | 4 | _aMosty | |
| 700 | 1 |
_aTatarkiewicz, Władysław _d(1886-1980). _ePrzedmowa |
|
| 710 | 2 |
_aPaństwowe Wydawnictwo Naukowe _4pbl. |
|
| 856 |
_uhttp://koha.tu.koszalin.pl/cgi-bin/koha/opac-detail.pl?biblionumber=14287 _yKatalog online BPK |
||
| 942 |
_2UKD _cKS |
||
| 999 |
_c14287 _d14287 |
||